000 00597nam a2200265Ia 4500
001 Z_2545
003 CHAP
008 220113s1977 xx 000 0 und d
010 _a165604
020 _a84-282-0405-5
040 _cCHAP
082 _a574.5 M37
100 _aMargalef, Ramón
_971338
245 _aEcología /
_cpor Ramón Margalef
260 _aBarcelona :
_bOmega,
_c1977
300 _a951 p. :
_bilus. ; gráfs.
503 _a49017
650 _aEcología
_935134
901 _a574.5 M37
902 _aM
910 _a1977
942 _c1
942 _cc1
999 _c165604
_d165604